Francis célèbres - Statistiques

Statistiques générales
  • Ce quiz a été pris 586 fois
  • Le résultat moyen est 6 sur 12
Statistiques - réponses
Descriptif Réponse % Correct
Auteur-compositeur-interprète français de Petite Marie, Je l'aime à mourir et La Corrida. Cabrel
99%
Réalisateur de la trilogie du Parrain et d'Apocalypse Now. Coppola
86%
Chanteur français célèbre pour son titre On se retrouvera qui tiendra par la suite des propos complotistes tout en rejoignant politiquement l'humoriste Dieudonné. Lalanne
66%
Homme d'affaires éponyme d'un grand opérateur de télécoms français et détenant le Groupe TF1. Bouygues
57%
Metteur en scène et acteur ayant notamment joué dans Le Dîner de cons et La Faute de l'abbé Mouret. Huster
56%
Plus célèbre pratiquant camerounais de MMA (arts martiaux mixtes). Ngannou
41%
Auteur des films Le Grand Blond avec une chaussure noire et L'emmerdeur ainsi que réalisateur de La Chèvre, Les Fugitifs et Le Dîner de cons. Veber
34%
Acteur et humoriste français, partenaire de Pierre Dac, il aura joué dans Les Tontons flingueurs et réalisé de nombreux canulars téléphoniques. Blanche
33%
À la fois peintre britannique du XXe siècle réputé pour sa "peinture de la violence" et philosophe britannique du début du XVIIe siècle auteur du Novum organum. Bacon
32%
Acteur français jouant dans les comédies Le Roi des cons, Tête à claques et Le joli cœur et la série policière Mongeville. Perrin
27%
Corsaire anglais ayant réalisé le deuxième tour du monde de l'Histoire, son nom étant donné au passage entre l'Amérique du Sud et l'Antarctique. Drake
20%
Compositeur français du XXe siècle ayant notamment mis en musique des textes de Cocteau, Apollinaire ou Éluard. Poulenc
4%
Aucun quiz correspondant
Distribution des résultats
% des personnes avec chaque résultat
Percentile par nombre de réponses
Votre historique - résultats
Vous n’avez pas pris ce quiz